[Event "IND Railways-ch"]
[Site "Chennai"]
[Date "2006.07.30"]
[Round "7"]
[White "Vinod, R Sharna"]
[Black "Biswajit, Chatterjee"]
[Result "0-1"]
[WhiteElo "2226"]
[BlackElo "2163"]
[PlyCount "56"]
[EventDate "2006.07.27"]
[EventType "tourn"]
[EventRounds "9"]
[EventCountry "IND"]
[SourceTitle "EXT 2010"]
[Source "ChessBase"]
[SourceDate "2010.11.25"]
[SourceVersion "1"]
[SourceVersionDate "2010.11.25"]
[SourceQuality "1"]

1. e4 c5 2. Nf3 Nc6 3. d4 cxd4 4. Nxd4 e5 5. Nb5 d6 6. N1c3 Nf6 7. Bg5 a6 8. Na3 b5 9. Bxf6 gxf6 10. Nd5 f5 11. Qd3 fxe4 12. Qxe4 Bd7 13. g4 Bg7 14. g5 h6 15. h4 Rc8 16. Rg1 hxg5 17. hxg5 Nd4 18. c3 Bf5 19. Qe3 Ne6 20. Bd3 Rh3 21. Bxf5 Rxe3+ 22. Nxe3 d5 23. g6 d4 24. Rd1 Qf6 25. gxf7+ Kf8 26. Rg6 Qh4 27. Ng2 Qh1+ 28. Kd2 dxc3+ 0-1

[Event "IND Railways-ch"]
[Site "Chennai"]
[Date "2006.07.27"]
[Round "2"]
[White "Sharma, R Preetham"]
[Black "Biswajit, Chatterjee"]
[Result "1-0"]
[WhiteElo "2326"]
[BlackElo "2163"]
[PlyCount "109"]
[EventDate "2006.07.27"]
[EventType "tourn"]
[EventRounds "9"]
[EventCountry "IND"]
[SourceTitle "EXT 2010"]
[Source "ChessBase"]
[SourceDate "2010.11.25"]
[SourceVersion "1"]
[SourceVersionDate "2010.11.25"]
[SourceQuality "1"]

1. Nf3 d5 2. d4 g6 3. c4 Nf6 4. e3 Bg7 5. Nc3 0-0 6. Be2 c6 7. 0-0 Nbd7 8. Qc2 Re8 9. Rd1 a6 10. b3 Nf8 11. Bb2 Ne6 12. Ne5 Ng5 13. Bd3 Ng4 14. Nxg4 Bxg4 15. f3 Bc8 16. f4 Ne6 17. f5 Nf8 18. Rf1 e6 19. fxg6 hxg6 20. Rf3 e5 21. dxe5 Bxe5 22. Raf1 f5 23. Ne2 Qd6 24. Bxe5 Qxe5 25. cxd5 cxd5 26. Nf4 Be6 27. Rg3 Rac8 28. Qe2 Kf7 29. Nxg6 Nxg6 30. Qh5 Rg8 31. Bxf5 Ke7 32. Qg5+ Kd6 33. Bxg6 Qxg5 34. Rxg5 Rc3 35. Rg3 d4 36. Rd1 d3 37. Bxd3 Rxg3 38. hxg3 Ke5 39. Kf2 Bg4 40. Rd2 b5 41. Bg6 a5 42. Rc2 b4 43. Rxc3 bxc3 44. Bc2 Kd5 45. Ke1 Kc5 46. a3 Kb5 47. Bd1 Bf5 48. Be2+ Kc5 49. Kd1 Be4 50. g4 Kd6 51. b4 axb4 52. axb4 Kc7 53. Bf3 Bd3 54. Bd5 Kb6 55. e4 1-0

[Event "Chennai WinTV op 1st"]
[Site "Chennai"]
[Date "2004.01.25"]
[Round "6"]
[White "Sahu, Sekhar Chandra"]
[Black "Biswajit, Chatterjee"]
[Result "1-0"]
[WhiteElo "2277"]
[BlackElo "2150"]
[PlyCount "94"]
[EventDate "2004.01.21"]
[EventType "swiss"]
[EventRounds "13"]
[EventCountry "IND"]
[SourceTitle "CBM 098 Extra"]
[Source "ChessBase"]
[SourceDate "2004.03.10"]
[SourceVersion "2"]
[SourceVersionDate "2004.03.10"]
[SourceQuality "1"]

1. d4 Nf6 2. c4 g6 3. Nc3 d5 4. cxd5 Nxd5 5. Bd2 Bg7 6. e4 Nxc3 7. Bxc3 0-0 8. Qd2 Nd7 9. Rd1 Nb6 10. d5 e5 11. Nf3 Re8 12. b3 Bg4 13. Be2 Nc8 14. Qg5 Qxg5 15. Nxg5 Bxe2 16. Kxe2 Nd6 17. f3 a5 18. a4 Rec8 19. Bd2 c6 20. dxc6 Rxc6 21. Rc1 Rxc1 22. Rxc1 Bh6 23. Rc5 f6 24. Rd5 Ne8 25. Ne6 Bxd2 26. Kxd2 b6 27. Rd7 Rc8 28. Kd3 Rc6 29. Re7 Rc8 30. g3 g5 31. g4 h6 32. Kd2 Kh8 33. Rd7 Rc6 34. Nd8 Rd6+ 35. Rxd6 Nxd6 36. Kc3 Kg8 37. b4 axb4+ 38. Kxb4 Kf8 39. Ne6+ Ke7 40. Nc7 Kd7 41. Nd5 Kc6 42. Nxf6 b5 43. a5 Nc4 44. Nd5 Nd2 45. Ne7+ Kb7 46. Kxb5 Nxf3 47. a6+ Ka7 1-0

[Event "Chennai WinTV op 1st"]
[Site "Chennai"]
[Date "2004.01.23"]
[Round "4"]
[White "Biswajit, Chatterjee"]
[Black "Koneru, Humpy"]
[Result "0-1"]
[WhiteElo "2150"]
[BlackElo "2498"]
[PlyCount "60"]
[EventDate "2004.01.21"]
[EventType "swiss"]
[EventRounds "13"]
[EventCountry "IND"]
[SourceTitle "CBM 098 Extra"]
[Source "ChessBase"]
[SourceDate "2004.03.10"]
[SourceVersion "2"]
[SourceVersionDate "2004.03.10"]
[SourceQuality "1"]

1. e4 c5 2. Nf3 e6 3. d3 Nc6 4. g3 d6 5. Bg2 Nf6 6. 0-0 Be7 7. Re1 0-0 8. d4 cxd4 9. Nxd4 Bd7 10. Nb5 Ne5 11. N1c3 a6 12. Nd4 Qb6 13. Nb3 Rac8 14. Be3 Qc7 15. Nd2 b5 16. Rc1 Rfd8 17. h3 Bc6 18. f4 Ned7 19. Qe2 b4 20. Ncb1 Nc5 21. Bxc5 dxc5 22. Nc4 Bb5 23. c3 Nd7 24. b3 e5 25. f5 Nb6 26. Rcd1 a5 27. Rxd8+ Rxd8 28. Rc1 Bg5 29. Rc2 Nxc4 30. a4 Na3 0-1

[Event "Chennai WinTV op 1st"]
[Site "Chennai"]
[Date "2004.01.22"]
[Round "3"]
[White "Arindam, Mukherjee"]
[Black "Biswajit, Chatterjee"]
[Result "1-0"]
[WhiteElo "2308"]
[BlackElo "2150"]
[PlyCount "85"]
[EventDate "2004.01.21"]
[EventType "swiss"]
[EventRounds "13"]
[EventCountry "IND"]
[SourceTitle "CBM 098 Extra"]
[Source "ChessBase"]
[SourceDate "2004.03.10"]
[SourceVersion "2"]
[SourceVersionDate "2004.03.10"]
[SourceQuality "1"]

1. d4 Nf6 2. c4 e5 3. dxe5 Ng4 4. Bf4 Nc6 5. Nf3 Bb4+ 6. Nbd2 Qe7 7. e3 Ngxe5 8. Nxe5 Nxe5 9. a3 Bxd2+ 10. Qxd2 d6 11. Qc3 f6 12. Be2 0-0 13. 0-0 b6 14. Rac1 a5 15. b4 axb4 16. axb4 Ba6 17. Rfd1 Rfd8 18. Bf1 Kh8 19. h3 Qe6 20. Bg3 c5 21. e4 Bb7 22. f3 Kg8 23. Rd2 Kf8 24. Rcd1 Ke7 25. f4 Nf7 26. f5 Qc8 27. bxc5 bxc5 28. Bf4 Kf8 29. Qe3 Qc6 30. Qg3 Qxe4 31. Re1 Qc6 32. Re6 Ne5 33. Bxe5 fxe5 34. f6 g6 35. Qh4 Rd7 36. Re7 Rxe7 37. fxe7+ Kg7 38. Rf2 d5 39. cxd5 Qd6 40. Bb5 Ra1+ 41. Rf1 Rxf1+ 42. Bxf1 Qxd5 43. e8Q 1-0